Krönungs-Marsch, Op. 13 Clavierauszug zu 4 Händen /

Hlavní autor: Svendsen, Johan Severin, 1840-1911
Jazyk: Nelze použít, není lingvistický obsah
Vydáno: Leipzig : E.W. Fritzsch, 1874
Fyzický popis: 1 partitura (15 s.)
Hudebniny Hudebniny
Uloženo v:
LEADER 00832ncm a22002172a 4500
001 001282173
003 CZ BrMZK
005 20150612140726.0
007 qu
008 121205s1874 gw |||||||||||||||||zxx d
040 |a BOA001  |b cze 
072 7 |a 786  |x Hudba pro klávesové nástroje  |2 Konspekt  |9 9 
100 1 |a Svendsen, Johan Severin,  |d 1840-1911  |7 jn19990008375  |4 cmp 
245 1 0 |a Krönungs-Marsch, Op. 13  |h [hudebnina] :  |b Clavierauszug zu 4 Händen /  |c für groses Orchester componirt von Johan S. Svendsen 
260 |a Leipzig :  |b E.W. Fritzsch,  |c 1874 
300 |a 1 partitura (15 s.) 
510 4 |a [Winiker, C. Haupt-Katalog der Musikalien-Leih-Anstalt,  |c 44 630] 
910 |a BOA001  |b Mus4-0200.629 
990 |a MU 
991 |b 201303 
996 6 |b 2619525456  |c Mus4-0200.629  |l MZK  |r Sklad / do 1 hodiny  |n 0  |p W  |w 001316532  |u 000010  |a 1  |e BOA001  |j MZK50  |s P